000 05204cam a22018974i 4500
003 PE-LiUPU
005 20250813165328.0
008 110719s2011 sp a 000 0 spa d
020 _a8496709639
020 _a9788496709638
035 _a(Sirsi) i9788496709638
040 _aESUDE
_bspa
_cESUDE
_erda
_dBNM
_dYDXCP
_dPE-LiUPU
049 _aPRUA
082 0 4 _a624.182
_bA5
082 0 4 _a624.182
_bF64 2011
_221
245 0 0 _aAnálisis de estructuras metálicas :
_bcálculo de aplicaciones reales con metal 3D /
_cautores, José Antonio Flores Yepes...[et al.].
250 _aPrimera edición.
264 1 _aMadrid :
_bAntonio Madrid Vicente,
_c2011.
300 _a356 páginas :
_bilustraciones ;
_c24 centímetros
336 _atext
_2rdacontent
337 _aunmediated
_2rdamedia
338 _avolume
_2rdacarrier
505 0 _aAspectos iniciales al cálculo -- Diseño y análisis de elementos estructurales -- Análisis y aplicación del metal 3D al cálculo de hastiales -- Análisis y cálculo de estructura portificada -- Cálculo de estructuras con celosias o cerchas.
526 _aP203
526 _aP200
526 _aSEG65
526 _aSEG64
526 _aSEG63
526 _aSEG62
526 _aSEG61
526 _aSEG60
526 _aSEG59
526 _aSEG58
526 _aSEG57
526 _aSEG56
526 _aSEG55
526 _aSEG54
526 _aSEG53
526 _aSEG52
526 _aSEG51
526 _aSEG50
526 _aSEG49
526 _aSEG48
526 _aSEG47
526 _aSEG46
526 _aSEG24
526 _aSEG23
526 _aSEG22
526 _aSEG21
526 _aSEG20
526 _aSEG19
526 _aSEG18
526 _aSEG17
526 _aSEG16
526 _aSEG14
526 _aSEG13
526 _aSEG12
526 _aSEG11
526 _aSEG10
526 _aSEG09
526 _aSEG06
526 _aSEG05
526 _aSEG04
526 _aSEG03
526 _aSEG02
526 _aSEG68
526 _aSEG66
526 _aSEG45
526 _aSEG25
526 _aSEG01
526 _aP163
526 _aP162
526 _aP161
526 _aP160
526 _aP159
526 _aP158
526 _aP157
526 _aP156
526 _aP155
526 _aP154
526 _aP153
526 _aP152
526 _aP151
526 _aP150
526 _aP149
526 _aP142
526 _aP141
526 _aP140
526 _aP139
526 _aP138
526 _aP137
526 _aP132
526 _aP131
526 _aP130
526 _aP126
526 _aP125
526 _aP124
526 _aP123
526 _aP115
526 _aP122
526 _aP121
526 _aP116
526 _a P114
526 _aP112
526 _aP111
526 _aP104
526 _aP103
526 _aP102
526 _aP101
526 _aP100
526 _aP96
526 _aP95
526 _aP93
526 _aP92
526 _aP91
526 _aP88
526 _aP83
526 _aP82
526 _aP79
526 _aP78
526 _aP75
526 _aP74
526 _aP71
526 _aP69
526 _a P51
526 _aP49
526 _aP48
526 _aP47
526 _aP33
526 _aP31
526 _a P30
526 _aP29
526 _aP27
526 _aP26
526 _aP25
526 _aP24
526 _a P22
526 _aP10
526 _aP09
526 _a P08
526 _aP06
526 _aP05
526 _aP04
526 _aP01
541 _g043-0014565;
541 _g0020-0000889;
650 1 7 _aEstructuras metálicas
_xDiseño y construcción
_xProceso de datos
_2embne
650 2 4 _aConstrucción metálica
_xDiseño y construcción.
700 1 _aFlores Yepes, José Antonio,
_ecoaut.
910 _ajche
_bjkc
_cjche
_d20150904
938 _aYBP Library Services
_bYANK
_n100596520
942 _2ddc
_cBOOK
949 _a624.182 A5
_wDEWEY
_c1
_i74030
_lCCODEBUL1
_mBUL
_p55.25
_r0
_sY
_tBOOK
_u2016-7-14
_xINGENIERIA
_PP25
_0COMPRA
_o.STAFF. Colección General
949 _a624.182 F64 2011
_wDEWEY
_c1
_iFJ00226
_mBUJ
_p32.36
_r0
_sY
_tBOOK
_u2015-9-4
_xINGENIERIA
_PP25
_0COMPRA
_o.STAFF. Colección General Juliaca
949 _a624.182 F64 2011
_wDEWEY
_c2
_iFJ00227
_mBUJ
_p32.36
_r0
_sY
_tBOOK
_u2015-9-4
_xINGENIERIA
_PP25
_0COMPRA
_o.STAFF. Colección General Juliaca
994 _aC0
_bPEPRU
596 _a1 3
999 _a624.182 F64 2011
_wDEWEY
_c7099
_iFJ00226
_d7099
_f2022-1-26
_g4
_lCCODEBUJ1
_mBUJ
_p32.36
_q2
_r0
_sY
_tBOOK
_u2015-9-4
_xINGENIERIA
_PP25
_0COMPRA
_o.STAFF. Colección General Juliaca
999 _a624.182 F64 2011
_wDEWEY
_c2
_iFJ00227
_f2022-1-26
_g4
_lCCODEBUJ1
_mBUJ
_p32.36
_r0
_sY
_tBOOK
_u2015-9-4
_xINGENIERIA
_PP25
_o.STAFF. Colección general
999 _a624.182 A5
_wDEWEY
_c1
_i74030
_d2018-6-6
_f2021-11-9
_g7
_lCCODEBUL1
_mBUL
_p55.25
_q3
_r0
_sY
_tBOOK
_u2016-7-14
_xINGENIERIA
_PP25
_0COMPRA
_o.STAFF. Colección General
980 _81
_gALBERTO SANCHEZ Responsable de Automatización